000 00457nam a2200169Ia 4500
008 221030s9999 xx 000 0 und d
020 _a8122406173
041 _aEnglish
082 _a105.23
_bBha
100 _aS. S. Bhavikatti
245 0 _aEngineering Mechanics
_cby S. S. Bhavikatti, K. G. Rajashekarappa
260 _bNew Age Interantional
_aNew Delhi
_c1999
300 _a537
650 _aMechanical
700 _aK. G. Rajashekarappa
942 _cBK
999 _c1732
_d1732